000 00359nam a2200133Ia 4500
005 20260328104343.0
008 260328s9999||||xx |||||||||||||| ||und||
100 _aPeters, Allan
245 0 _aLogos That Last :
_b How to create iconic Visual Branding /
_cAllan Peters
260 _bRockport
300 _a206 p.
650 _aCOMUNICACION VISUAL
942 _cBK
999 _c12197
_d12197